Športové centrum v regióne Orava

Saved in:
Bibliographic Details
Main Author: Paterek, Matej (Author)
Other Authors: Pilař, Pavol (Thesis advisor)
Format: Manuscript Book
Language:Slovak
Published: 2023
Subjects:
Online Access:http://is.stuba.sk/zp/portal_zp.pl?podrobnosti=156041
https://opac.crzp.sk/?fn=detailBiblioForm&sid=D51643D01657CDEC2C97B6F06848
Tags: Add Tag
No Tags, Be the first to tag this record!

MARC

LEADER 00000ntm a22000003a 4500
001 stuzp93659
003 SK-STU
005 20230920112528.1
007 ta
008 150427s2015----xo-----f-mn---000-0-slo-d
040 |a STU  |b slo 
041 0 |a slo 
100 1 |a Paterek, Matej  |u 010310  |4 aut  |U SvF Stavebná fakulta  |T SvF Katedra architektúry  |X 103942  |U V181|V310  |Y 19  |7 103942 
242 0 1 |a Sport Centre in Orava Region  |y eng 
245 1 0 |a Športové centrum v regióne Orava 
260 |c 2023 
650 4 |a lezecké centrum  |2 slo 
650 4 |a Orava  |2 slo 
650 4 |a vernakulárna architektúra  |2 slo 
650 4 |a vernacular architecture  |2 eng 
650 4 |a Orava  |2 eng 
650 4 |a climbing center  |2 eng 
700 1 |a Pilař, Pavol  |u 010310  |k Z1  |4 ths  |U SvF Stavebná fakulta  |T SvF Katedra architektúry  |X 59136  |U V181|V310  |Y 19  |7 A000059136 
856 4 |u http://is.stuba.sk/zp/portal_zp.pl?podrobnosti=156041 
856 4 |u https://opac.crzp.sk/?fn=detailBiblioForm&sid=D51643D01657CDEC2C97B6F06848